උම්මග්ග ජාතකය - 1957-60 දක්වා පොදු සහතික පත්ර (සාමාන්ය) විභාගය සඳහා (Record no. 105307)
[ view plain ]
| 000 -LEADER | |
|---|---|
| fixed length control field | 00725nam a2200205Ia 4500 |
| 003 - CONTROL NUMBER IDENTIFIER | |
| control field | LK-CoDNM |
| 005 - DATE AND TIME OF LATEST TRANSACTION | |
| control field | 20241128102620.0 |
| 008 - FIXED-LENGTH DATA ELEMENTS--GENERAL INFORMATION | |
| fixed length control field | 010623t1960 xxu||||| |||| 00| 1 sin d |
| 040 ## - CATALOGING SOURCE | |
| Original cataloging agency | LK-CoDNM |
| Modifying agency | LK-CoDNM |
| Description conventions | LK-CoDNM |
| 041 ## - LANGUAGE CODE | |
| Language code of text/sound track or separate title | Sinhala; Sinhalese |
| 080 ## - UNIVERSAL DECIMAL CLASSIFICATION NUMBER | |
| Universal Decimal Classification number | 8 C-3 14/15 |
| Item number | UMM |
| 942 ## - ADDED ENTRY ELEMENTS (KOHA) | |
| Koha item type | Books |
| 100 ## - MAIN ENTRY--PERSONAL NAME | |
| Personal name | Kumarathunga |
| 245 ## - TITLE STATEMENT | |
| Title | උම්මග්ග ජාතකය - 1957-60 දක්වා පොදු සහතික පත්ර (සාමාන්ය) විභාගය සඳහා |
| 246 ## - VARYING FORM OF TITLE | |
| Title proper/short title | Ummagga jathakaya : 1957-60 dakwa podu sahathika pathra (samanya) vibagaya sandaha |
| 260 ## - PUBLICATION, DISTRIBUTION, ETC. (IMPRINT) | |
| Name of publisher, distributor, etc. | M.D.Gunasena |
| Place of publication, distribution, etc. | Colombo |
| Date of publication, distribution, etc. | 1960 |
| 300 ## - PHYSICAL DESCRIPTION | |
| Other physical details | 128P. ; 22 cm |
| 650 ## - SUBJECT ADDED ENTRY--TOPICAL TERM | |
| Topical term or geographic name as entry element | Buddhist culture |
| 650 ## - SUBJECT ADDED ENTRY--TOPICAL TERM | |
| Topical term or geographic name as entry element | Literature |
| Withdrawn status | Lost status | Damaged status | Not for loan | Collection code | Permanent Location | Current Location | Shelving location | Date acquired | Full call number | Barcode | Koha item type |
|---|---|---|---|---|---|---|---|---|---|---|---|
| Damaged | Old Books Collection | Library National Museum Colombo - Sri Lanka | Library National Museum Colombo - Sri Lanka | Reference | 2024-11-28 | 8 C-3 14/15 UMM | OB9077 | Books |


